01070nam a2200253Ia 4500003000900000008004100009020001800050040001600068080001800084111007600102245022700178260003400405300001400439490003000453650001700483650002800500650002600528700003900554700003200593710004100625942000700666999001700673952012600690IN-BaIIA211028s9999 xx 000 0 eng d a3-540-63822-9 cIIA Library a524.6-33bESO aEuropean Southern Observatory WorkshopcGermanyd1996 Nov. 18-20922765 0aGalaxy scaling relations-origins, evolution and applicationsbproceedings of the ESO workshop held in Garching, Germany, 18-20 November 1996cedited by Luiz Nicoaci da Costa and Alvio Renzini  aBerlinbSpringer-Verlagc1997 axx, 404p. aESO astrophysics symposia aGalaxy93368 aGalaxy- evolution96225 aGalaxy- origin922766 ada Costa, Luiz Nicoaci, ed.922767 aRenzini, Alvio., ed.911645 aEuropean Southern Observatory910914 cBK c12970d12970 00104070aBANbBANcGENd1999-03-23g1084.00l0o524.6-33/ ESOp13887r2021-11-05v1084.00w1999-03-23yBKGRs. 1084.00